| 000 | 01319cam a22002653a 4500 | ||
|---|---|---|---|
| 001 | 26122 | ||
| 003 | PGUSA | ||
| 005 | 20140828083549.0 | ||
| 008 | 080725s2008||||xxu|||||s|||||000 1 eng d | ||
| 040 |
_aPGUSA _beng |
||
| 042 | _adc | ||
| 050 | 4 | _aPZ | |
| 100 | 1 |
_aSidney, Margaret, _d1844-1924 |
|
| 245 | 1 | 0 |
_aFive Little Peppers at School _h[electronic resource] / _cMargaret Sidney |
| 260 |
_bProject Gutenberg, _c2008 |
||
| 505 | 0 | _aHard Times for Joel -- The Tennis Match -- A Narrow Escape -- Of Various Things -- At Silvia Horne's -- The Accident -- The Salisbury Girls -- “We're to have our picnic!” -- All About the Poor Brakeman -- Joel and His Dog -- The United Clubs -- Some Every-day Fun -- The Picnic -- Miss Salisbury's Story -- The Broken Vase -- New Plans -- Phronsie -- Tom's Story -- The Grand Entertainment -- The Corcoran Family -- At the Play -- Pickering Dodge -- The Clemcy Garden Party -- The Piece of News -- “The Very Prettiest Affair” | |
| 506 | _aPublic domain in the USA. | ||
| 516 | _aElectronic text | ||
| 653 | _aFive Little Peppers (Fictitious characters) -- Juvenile fiction | ||
| 653 | _aSchools -- Juvenile fiction | ||
| 700 | 1 |
_aHeyer, Hermann, _d1876-1950 |
|
| 830 | 0 |
_aProject Gutenberg _v26122 |
|
| 856 | 4 | 0 | _uhttp://www.gutenberg.org/ebooks/26122 |
| 942 | _cEB | ||
| 999 |
_c255377 _d255377 |
||